Statistics for Capital Cities A-Z

Click here to take the quiz!

General Stats

  • This quiz has been taken 54 times
  • The average score is 21 of 24

Answer Stats

CountryCapital City% Correct
NorwayOOslo
100%
DenmarkCCopenhagen
100%
CubaHHavana
100%
IndonesiaJJakarta
100%
RussiaMMoscow
100%
New ZealandWWellington
98%
SwedenSStockholm
98%
PakistanIIslamabad
98%
EcuadorQQuito
98%
AndorraAAndorra la Vella
95%
PortugalLLisbon
95%
EstoniaTTallinn
93%
CroatiaZZagreb
93%
MongoliaUUlaanbaatar
91%
Sierra LeoneFFreetown
88%
BahamasNNassau
88%
MontenegroPPodgorica
81%
LaosVVientiane
77%
East TimorDDili
77%
GuyanaGGeorgetown
74%
CameroonYYaounde
72%
BruneiBBandar Seri Begawan
70%
RwandaKKigali
67%
DominicaRRoseau
65%

Score Distribution

Percentile by Number Answered

Percent of People with Each Score

Your Score History

You have not taken this quiz